000
00336nam a2200145Ia 4500
008
150201s2011 xx 000 0 und d
082
_a
612
_b
P11J
100
_a
JAIN, A.K.
245
_a
HUMAN PHYSIOLOGY -2
250
_a
4TH
260
_b
ARICHAL
_a
DELHI
_c
2011
300
_a
1-1154
650
_a
HUMAN PHYSIOLOGY
942
_2
ddc
_c
BK
_0
82
999
_c
1260
_d
1260